| 000 | 00563nam a2200193 a 4500 | ||
|---|---|---|---|
| 005 | 20210219154843.0 | ||
| 008 | 040511s2001 mx r 000 0 spa d | ||
| 020 | _a8446015544 | ||
| 035 | _aUPN01000133380 | ||
| 049 | _aC | ||
| 050 | 4 |
_aBL31 _bD5.2 |
|
| 245 | 0 | 0 |
_aDiccionario Akal de las religiones / _ced. Giovanni Filoramo ; tr. de MarĂa Teresa Robert Rogla. |
| 260 |
_aMadrid : _bAkal, _c2001. |
||
| 300 | _a618 p. | ||
| 440 | 0 |
_aAkal/diccionarios ; _v28 |
|
| 650 | 4 |
_aRELIGIONES - _vDICCIONARIOS |
|
| 700 | 1 |
_aFiloramo, Giovanni, _eed. |
|
| 905 | _aLibro | ||
| 999 |
_c105531 _d105531 |
||